000 00835cas a2200253 a 4500
005 20180803170323.0
008 080205c2001 enkmr p 0 0eng c
022 _a1755-098X
_y1471-8278
040 _aVXG
_cVXG
_dWAU
_dOCLCQ
_dCLU
_dCUS
_dNLM
_dDLC
_dWAU
_dNSD
_dOCLCQ
_dHEBIS
_dGBVCP
_dGWDNB
_dUKMGB
_dOCLCQ
_dOCLCF
_dNOC
_dOCLCQ
_dCO-BoIAVH
041 0 _aeng
044 _a-uk
090 _aSE-
245 0 0 _aMolecular ecology resources.
260 _aOxford, England :
_bBlackwell Pub.
_c2001-.
300 _bilustraciones y gráficas ;
_c27 x 21 cm.
310 _am
321 _am
500 _aDescripción del Vol. 9 Suplemento 1, Mayo de 2009.
650 1 6 _aEcología
650 2 6 _aBioinformática
650 2 6 _aBiología molecular
650 1 4 _aEcología molecular
_vPeriódicas
942 _2z
_cREVISTA
999 _c18944
_d18944